STN EN 12629-3+A1: 2011 (27 8713) Stroje na výrobu stavebných výrobkov z betónu a vápenno-kremičitej horniny. Bezpečnosť. Časť 3 Posuvné stroje a stroje s otočným stolom (Konsolidovaný text)

Táto norma je slovenskou verziou európskej normy EN 12629-3: 2002+A1: 2010. Preklad zabezpečil Slovenský ústav technickej normalizácie. Má rovnaké postavenie ako majú oficiálne verzie

Bibliographic Details
Corporate Authors: INFOVUSAM (Zvolen, Slovensko) (Author), MIKONA - INFO (Zvolen, Slovensko) (Author)
Other Authors: Mihálik, Ivan (Translator), Volčko, Jaroslav (Translator)
Format: Book
Language:Slovak
English
PhysicalDescription:24 s. obr., tab. 30 cm
Published: Bratislava Slovenský ústav technickej normalizácie 2011
Subjects:

MARC

LEADER 00000nam a2200000 a 4500
001 vtls010275814
003 SK-MaSNL
005 20260302011734.0
008 160627s2011 xo f u 000 0 slo
015 |a SNBN2013 
020 |c (cen. skup.) 
040 |a SNK  |b slo  |c SNK  |e AACR2 
041 1 |a slo  |h eng 
044 |a xo  |c SK 
046 |a s  |m 201105 (účin.) 
072 7 |a 69  |x Stavebníctvo  |2 konspekt 
080 |a 69-1  |2 2001 
080 |a 006.7/.8  |2 2001 
080 |a (437.6)  |2 2001 
080 |a (4)  |2 2001 
084 |a 91.220  |2 ICS 
130 0 |a STN 27 8713 (STN EN 12629-3+A1)  |9 652619 
245 1 0 |a STN EN 12629-3+A1: 2011 (27 8713) Stroje na výrobu stavebných výrobkov z betónu a vápenno-kremičitej horniny. Bezpečnosť.  |n Časť 3  |p Posuvné stroje a stroje s otočným stolom (Konsolidovaný text) 
246 1 0 |a Stroje na výrobu stavebných výrobkov z betónu a vápenno-kremičitej horniny. Bezpečnosť. Časť 3 
246 1 0 |a Posuvné stroje a stroje s otočným stolom (Konsolidovaný text) 
246 3 0 |a EN 12629-3: 2002+A1: 2010 E 
260 |a Bratislava  |b Slovenský ústav technickej normalizácie  |c 2011 
300 |a 24 s.  |b obr., tab.  |c 30 cm 
500 |a Súbežný názov v angličtine, francúzštine, nemčine 
500 |a Táto norma nahrádza STN EN 12629-3 z marca 2004 v celom rozsahu 
500 |a Spracovateľ INFOVUAM Zvolen, MIKONA-INFO Zvolen, Jaroslav Volčko 
504 |a Citované normy, súvisiace právne predpisy s. 2 ; literatúra s. 23 
520 8 |a Táto norma je slovenskou verziou európskej normy EN 12629-3: 2002+A1: 2010. Preklad zabezpečil Slovenský ústav technickej normalizácie. Má rovnaké postavenie ako majú oficiálne verzie 
540 |a STN vydané na akomkoľvek nosiči sa môžu rozmnožovať a rozširovať iba so súhlasom určenej právnickej osoby  |b SÚTN Bratislava  |c zákon 264/1999 Z.z. 
650 0 7 |a stavebníctvo  |2 SVKBBPH  |9 726 
650 0 7 |a stavebné stroje  |2 SVKBBPH  |9 67895 
650 0 7 |a technické normy a štandardy  |z Slovensko  |2 SVKBBPH  |9 79594 
650 0 7 |a technické normy a štandardy  |z krajiny Európskej únie  |2 SVKBBPH  |9 289341 
655 7 |a normy  |2 SVKBBPH  |9 70643 
700 1 |a Mihálik, Ivan  |4 trl  |9 352387 
700 1 |a Volčko, Jaroslav  |4 trl  |9 99320 
710 2 |a INFOVUSAM (Zvolen, Slovensko)  |4 aut  |9 298995 
710 2 |a Slovenský ústav technickej normalizácie (Bratislava, Slovensko).  |b Technická komisia č. 23 Zemné a stavebné stroje a priemyselné vozíky  |4 stn  |9 322362 
710 2 |a MIKONA - INFO (Zvolen, Slovensko)  |4 aut  |9 320465 
774 1 8 |t STN EN 12629-3: 2004  |d Bratislava: Slovenský ústav technikej normalizácie, 2004  |w vtls009920238 
852 |a Štátna vedecká knižnica v Banskej Bystrici 
958 |a NB 
958 |a OP 
999 |c 1007231  |d 1009161 
952 |a SNK  |b SNK  |y PREZ  |7 0  |p 17A0703532  |o snkSTN EN 12629-3+A1  |i snk2011/11905  |8 0  |0 0  |1 0  |4 0  |d 2011-05-24  |l 0  |r 2026-02-24 12:40:09  |w 2026-02-24 
952 |a SNK  |b SNK  |y PREZ  |7 0  |p 17A0703531  |o snkSTN EN 12629-3+A1 D1  |i snk2011/11906  |8 0  |0 0  |1 0  |4 0  |d 2011-05-24  |l 0  |r 2026-02-24 12:40:09  |w 2026-02-24